000 00304nam a2200133Ia 4500
008 191201s2015 xx 000 0 und d
100 _aSHARMA, J K
245 0 _aDiscrete Mathematics
250 _a4th
260 _c2015
_bTrinity
_aNew Delhi
300 _a582
650 _aCSE 3RD SEM
942 _2ddc
_cBB
999 _c7737
_d7737